| 000 | 00587nam a22001937a 4500 | ||
|---|---|---|---|
| 005 | 20251108175121.0 | ||
| 008 | 250721s2005 xx 000 0 ara d | ||
| 020 | _a9773458210 | ||
| 082 | 1 | 4 | _aم/641.8/فن |
| 245 | 1 | 0 | _aفن إعداد العصائر و الكوكتيل / |
| 246 | 1 | 1 | _aJUICES & SMOOTHIES |
| 264 | 1 |
_aالقاهرة : _bدار الفاروق للنشر و التوزيع، _c2005. |
|
| 300 | _a63 ص. | ||
| 490 | 0 | _aسلسلة المطبخ العالمي | |
| 650 | 1 | 7 | _aالعصائر |
| 650 | 1 | 7 | _aالمشروبات |
| 942 |
_2ddc _cREF |
||
| 999 |
_c126565 _d126565 |
||